Ekstraklasa 2018/19 - Statystyki

Ogólne statystyki
  • Ten quiz został rozwiązany 2 741 razy
  • Średni wynik to 11 z 16
Statystyki odpowiedzi
Miejsce w lidze po rundzie zasadniczej Odpowiedź % Poprawnych
2. Legia Warszawa
99%
8. Lech Poznań
93%
1. Lechia Gdańsk
89%
9. Wisła Kraków
88%
3. Piast Gliwice
80%
6. Jagiellonia Białystok
72%
7. Pogoń Szczecin
67%
15. Arka Gdynia
66%
5. Zagłębie Lubin
65%
12. Śląsk Wrocław
64%
16. Zagłębie Sosnowiec
61%
4. Cracovia Kraków
60%
14. Wisła Płock
58%
13. Górnik Zabrze
55%
10. Korona Kielce
54%
11. Miedź Legnica
52%
Nie znaleziono quizów pasujących do podanych kryteriów
Rozkład punktacji
Procent ludzi z każdym wynikiem
Percentyl według liczby udzielonych odpowiedzi
Twoja historia wyników
Nie rozwiązałeś tego quizu